|
|
|
|
| LEADER |
01052nam a2200253 a 4500 |
| 001 |
4291791 |
| 008 |
091105s1979 enka b 001 0 eng d |
| 010 |
|
|
|a \\\85672363
|
| 020 |
|
|
|a 0333273435
|
| 040 |
|
|
|a MH
|c MH
|d DLC
|
| 082 |
0 |
0 |
|a 330.9/173/4
|2 19
|
| 245 |
0 |
0 |
|a Agrarian systems and rural development /
|c edited by Dharam Ghai ... [et al.].
|
| 260 |
|
|
|a London :
|b Macmillan,
|c 1979.
|
| 300 |
|
|
|a xv, 375 p. :
|b ill. ;
|c 23 cm.
|
| 500 |
|
|
|a "A study prepared for the International Labour Office within the framework of the World Employment Programme."
|
| 504 |
|
|
|a Includes bibliographical references and index.
|
| 541 |
1 |
|
|e 00000021
|
| 650 |
|
0 |
|a Rural development
|x Case studies.
|
| 650 |
|
0 |
|a Agriculture
|z Developing countries
|x Case studies.
|
| 700 |
1 |
|
|a Ghai, Dharam P.
|
| 710 |
2 |
|
|a World Employment Programme.
|
| 852 |
4 |
|
|a Ayesha Abed Library
|j General shelf
|
| 999 |
|
|
|c 5142
|d 5142
|
| 952 |
|
|
|0 0
|1 0
|2 ddc
|4 0
|6 330_917340000000000_AGR_1979
|7 0
|9 5008
|a BRACUL
|b BRACUL
|c GEN
|d 2009-11-07
|g 1880.00
|l 0
|o 330.91734 AGR
|p 3010000021
|r 2016-08-30
|t 1
|w 2009-11-07
|y BK
|